|
|
|
|
| LEADER |
00000naa2a2200000 4500 |
| 001 |
171600 |
| 005 |
20231031164030.0 |
| 035 |
|
|
|a (RuTPU)RU\TPU\book\186058
|
| 090 |
|
|
|a 171600
|
| 100 |
|
|
|a 20091207d2009 k y0rusy50 ca
|
| 101 |
0 |
|
|a rus
|
| 102 |
|
|
|a RU
|
| 200 |
1 |
|
|a Кинетика синтеза тетрафторбромата калия газофазным методом
|f Р. М. Власевский, С. И. Ивлев
|g науч. рук. Р. В. Оствальд
|
| 320 |
|
|
|a Библиогр.: 2 назв.
|
| 463 |
|
0 |
|0 (RuTPU)RU\TPU\book\176321
|t Химия и химическая технология в XXI веке
|o X Юбилейная всероссийская научно-практическая конференция студентов и аспирантов, г. Томск, 13-15 мая 2009 г.
|f Томский политехнический университет (ТПУ) ; Химия и химическая технология в XXI веке
|v С. 10-11
|d 2009
|p 322 с.
|
| 610 |
1 |
|
|a тетрафторбромат калия
|
| 610 |
1 |
|
|a синтез
|
| 610 |
1 |
|
|a кинетика
|
| 610 |
1 |
|
|a газофазный метод
|
| 610 |
1 |
|
|a окислительное фторирование
|
| 610 |
1 |
|
|a фторид калия
|
| 610 |
1 |
|
|a труды учёных ТПУ
|
| 700 |
|
1 |
|a Власевский
|b Р. М.
|
| 701 |
|
1 |
|a Ивлев
|b С. И.
|c химик-технолог
|c инженер-проектировщик Томского политехнического университета, ассистент
|f 1987-
|g Сергей Иванович
|2 stltpush
|3 (RuTPU)RU\TPU\pers\28597
|
| 702 |
|
1 |
|a Оствальд
|b Р. В.
|4 727
|
| 801 |
|
1 |
|a RU
|b 63413507
|c 20091207
|
| 801 |
|
2 |
|a RU
|b 63413507
|c 20151217
|g RCR
|
| 942 |
|
|
|c BK
|